Top 100 des meilleurs scoreurs des Nets - Statistiques

Statistiques générales
  • Ce quiz a été pris 18 fois
  • Le résultat moyen est 17 sur 100
Statistiques - réponses
Points Joueurs Saisons Nombre de matchs joués % Correct
3744 Kevin Durant 2021-23 129
100%
3879 Kyrie Irving 2020-23 143
94%
7373 Jason Kidd 2002-08 506
88%
10444 Brook Lopez 2009-17 562
71%
1875 James Harden 2021-22 80
65%
4349 Spencer Dinwiddie 2017-21, 2023- 300
65%
4609 Deron Williams 2011-15 277
59%
1305 Ed Johnson 1970-71 100
59%
1912 George Johnson 1978-80, 1985 305
59%
4240 Joe Johnson 2013-16 288
59%
2417 Aaron Williams 2001-05 336
53%
10440 Buck Williams 1982-89 635
53%
2455 D'Angelo Russell 2018-19 129
53%
3084 Jayson Williams 1993-99 373
53%
5007 Joe Harris 2017-23 432
53%
2024 Ray Williams 1982, 1986-87 119
53%
3747 Devin Harris 2008-11 212
47%
2369 Jarrett Allen 2018-21 234
47%
3528 Lucious Harris 1998-04 456
47%
1649 Nic Claxton 2020- 170
47%
2315 Rondae Hollis-Jefferson 2016-19 234
35%
2937 Caris LeVert 2017-21 225
29%
3798 Drazen Petrovic 1991-93 195
29%
1578 George Carter 1973 83
29%
7104 Julius Erving 1974-76 252
29%
4269 Kenyon Martin 2001-04 283
29%
2016 P.J. Brown 1994-96 240
29%
8834 Vince Carter 2005-09 374
29%
2700 Eddie Jordan 1978-81 229
24%
8507 Richard Jefferson 2002-08 489
24%
1456 Rich Jones 1976-77 117
24%
2370 Bojan Bogdanovic 2015-17 212
18%
1727 DeMarre Carroll 2018-19 140
12%
6930 Derrick Coleman 1991-95 348
12%
1368 Jarrett Jack 2015-16 112
12%
1305 Joe Barry Carroll 1989-90 110
12%
2327 Kris Humphries 2010-13 245
12%
1440 Tony Jackson 1968-69 77
12%
1305 Chris Dudley 1990-93 241
6%
2292 Jason Collins 2002-08, 2014 532
6%
7202 John Williamson 1974-80 405
6%
3357 Micheal Ray Richardson 1983-86 208
6%
1988 Sam Cassell 1997-99 102
6%
1316 Sean Kilpatrick 2016-18 109
6%
3963 Stephon Marbury 1999-01 172
6%
1488 Thaddeus Young 2015-16 101
6%
5595 Albert King 1982-87 410
0%
1403 Allen Crabbe 2018-19 118
0%
2496 Al Skinner 1975-79 244
0%
1664 Andray Blatche 2013-14 155
0%
1511 Anthony Morrow 2011-12 120
0%
3611 Armen Gilliam 1994-96 242
0%
1393 Benoit Benjamin 1994-95 138
0%
3901 Bernard King 1978-79, 1993 193
0%
6230 Bill Melchionni 1970-76 502
0%
6297 Billy Paultz 1971-75 404
0%
1465 Bostjan Nachbar 2006-08 162
0%
3804 Brian Taylor 1973-76 271
0%
1325 Chris Childs 1995-96, 2003 143
0%
6762 Chris Morris 1989-95 510
0%
2180 Cliff Robinson 1980-81 133
0%
1426 Dan Anderson 1968-69 103
0%
3687 Darryl Dawkins 1983-87 258
0%
4699 Darwin Cook 1981-86 464
0%
2626 Dennis Hopson 1988-90 202
0%
2596 Jan van Breda Koff 1977-83 434
0%
1481 John Bagley 1988-89 150
0%
2313 Johnny Newman 1994, 2000-01 227
0%
2735 John Roche 1972-74 209
0%
1340 Josh Boone 2007-10 256
0%
5700 Keith Van Horn 1998-02 314
0%
2070 Kelvin Ransey 1984-86 240
0%
4932 Kendall Gill 1996-01 331
0%
4655 Kenny Anderson 1992-96 304
0%
7096 Kerry Kittles 1997-04 496
0%
2015 Kevin Edwards 1994-98 189
0%
2904 Larry Kenon 1974-75 168
0%
1327 Les Hunter 1970-71 84
0%
1636 Lester Conner 1989-91 199
0%
3527 Levern Tart 1968-71 173
0%
1237 Mason Plumlee 2014-15 152
0%
1334 Maurice Lucas 1980-81 90
0%
6415 Mike Gminski 1981-88 550
0%
3322 Mike Newlin 1980-81 157
0%
3323 Mike O'Koren 1981-86,1988 392
0%
2518 Mookie Blaylock 1990-92 194
0%
2551 Nenad Krstic 2005-08 226
0%
1430 Oliver Taylor 1971-72, 1974 170
0%
1863 Orlando Woolridge 1987-88 94
0%
5968 Otis Birdsong 1982-88 375
0%
1249 Pearl Washington 1987-88 140
0%
1510 Reggie Theus 1991 81
0%
4252 Rick Barry 1971-72 139
0%
2568 Roy Hinson 1988-91 164
0%
3578 Sam Bowie 1990-93 280
0%
1318 Shawn Bradley 1996-97 107
0%
2284 Sonny Dove 1970-72 165
0%
1785 Tim Bassett 1976-80 314
0%
1402 Trooper Washington 1972-73 156
0%
3634 Walter Simon 1968-70 227
0%
Aucun quiz correspondant
Distribution des résultats
% des personnes avec chaque résultat
Percentile par nombre de réponses
Votre historique - résultats
Vous n’avez pas pris ce quiz